Les diamnts verts /

Spremljeno u:
Bibliografski detalji
Glavni autor: Robertson Colin
Format: Knjiga
Jezik:Vietnamese
Izdano: Paris : Librairie des Champs-Élysées , 1970
Teme:
Oznake: Dodaj oznaku
Bez oznaka, Budi prvi tko označuje ovaj zapis!
Thư viện lưu trữ: Thư viện Trường CĐ Kỹ Thuật Cao Thắng
LEADER 00569nam a2200181 a 4500
001 TVCDKTCT3032
003 Thư viện trường Cao đẳng Kỹ thuật Cao Thắng
005 20050909000000
008 050909
980 \ \ |a Thư viện Trường CĐ Kỹ Thuật Cao Thắng 
024 |a RG_1 #1 eb0 i1 
041 0 # |a vie 
082 # # |a 840 /   |b R400C-l 
100 1 # |a Robertson Colin 
245 0 0 |a Les diamnts verts /  |c Robertson Colin 
260 # # |a Paris :  |b Librairie des Champs-Élysées ,  |c 1970 
300 # # |a 188tr. ;  |c 17,5cm 
650 # 4 |a Sách Văn học --Pháp